[Event "Play for Durgesh Fundraiser Blitz"]
[Site "Vishy Anand Arena"]
[Date "2020.09.19"]
[Round "2"]
[White "Leolek"]
[Black "Shreyas59"]
[Result "1-0"]
[WhiteElo "2198"]
[BlackElo "1620"]
[Annotator "NA"]
[PlyCount "137"]
[EventDate "2020.09.19"]
[EventType "swiss (blitz)"]

1. e4 e5 2. Nf3 Nf6 3. Nc3 c6 4. Nxe5 d6 5. Nf3 Be7 6. d4 O-O 7. Bd3 Bg4 8. O-O Nbd7 9. h3 Bh5 10. Bf4 Re8 11. Re1 Bg6 12. Qd2 Nh5 13. Bh2 h6 14. Re2 Bh7 15. Rae1 Nhf6 16. e5 dxe5 17. dxe5 Bxd3 18. exf6 Bxe2 19. fxe7 Rxe7 20. Rxe2 Rxe2 21. Nxe2 Nf6 22. Qxd8+ Rxd8 23. Nc3 b6 24. Be5 Nd5 25. Nxd5 Rxd5 26. Kf1 f6 27. Bc3 Rd1+ 28. Ke2 Ra1 29. a3 b5 30. Nd4 Rc1 31. Bd2 Rb1 32. Bc3 Rc1 33. Bd2 Rb1 34. b3 Ra1 35. Bb4 a5 36. Bc5 Ra2 37. Kd2 Kf7 38. Nxc6 a4 39. bxa4 bxa4 40. Nd4 Ra1 41. c4 Rg1 42. g3 Rg2 43. Ke3 Rh2 44. h4 Ke8 45. Nb5 Rh1 46. Nc3 Rc1 47. Kd2 Ra1 48. Nxa4 Kd7 49. Nc3 Kc6 50. Bf8 g6 51. Bxh6 Rxa3 52. Be3 f5 53. Kd3 Ra8 54. Kd4 Rd8+ 55. Nd5 Rf8 56. Ne7+ Kd7 57. Nxg6 Rf6 58. Ne5+ Kd6 59. h5 Re6 60. c5+ Ke7 61. h6 Ra6 62. h7 Ra4+ 63. Kd5 Re4 64. h8=Q Rxe5+ 65. Kxe5 f4 66. Qh7+ Kf8 67. Kd6 Ke8 68. Ke6 Kd8 69. Qd7# 1-0

[Event "Play for Durgesh Fundraiser Blitz"]
[Site "Vishy Anand Arena"]
[Date "2020.09.19"]
[Round "2"]
[White "Vinniethepooh"]
[Black "A1263a"]
[Result "1-0"]
[WhiteElo "2194"]
[BlackElo "1693"]
[Annotator "NA"]
[PlyCount "47"]
[EventDate "2020.09.19"]
[EventType "swiss (blitz)"]

1. d4 Nf6 2. c4 e6 3. Nc3 d5 4. cxd5 Nxd5 5. e4 Nxc3 6. bxc3 c5 7. Nf3 cxd4 8. cxd4 Bb4+ 9. Bd2 Bxd2+ 10. Qxd2 O-O 11. Bc4 Nc6 12. O-O Qa5 13. Qe3 Qb4 14. Rfc1 Qe7 15. Rab1 Na5 16. Bd3 b6 17. Qf4 Bd7 18. Rc7 Rfc8 19. Rbc1 Qd8 20. Qd6 Rxc7 21. Rxc7 Rc8 22. Rxd7 Rc1+ 23. Bf1 Qc8 24. Rd8+ 1-0

[Event "Play for Durgesh Fundraiser Blitz"]
[Site "Vishy Anand Arena"]
[Date "2020.09.19"]
[Round "2"]
[White "Nikhildixit98"]
[Black "Ishaan31"]
[Result "1-0"]
[WhiteElo "2173"]
[BlackElo "1110"]
[Annotator "NA"]
[PlyCount "37"]
[EventDate "2020.09.19"]
[EventType "swiss (blitz)"]

1. e4 e5 2. Nf3 Nc6 3. Nc3 Bc5 4. Nxe5 Nxe5 5. d4 Bxd4 6. Qxd4 f6 7. Be3 Qe7 8. O-O-O d6 9. f4 Bg4 10. fxe5 Bxd1 11. Qxd1 dxe5 12. Nd5 Qe6 13. Bc4 O-O-O 14. Qe2 c6 15. Nb6+ Kc7 16. Bxe6 Rd6 17. Na8+ Kb8 18. Rd1 Rxe6 19. Rd8# 1-0

[Event "Play for Durgesh Fundraiser Blitz"]
[Site "Vishy Anand Arena"]
[Date "2020.09.19"]
[Round "2"]
[White "Ilamparthi"]
[Black "Arjunkhandelwal"]
[Result "1-0"]
[WhiteElo "2148"]
[BlackElo "1570"]
[PlyCount "33"]
[EventDate "2020.09.19"]
[EventType "swiss (blitz)"]

1. Nf3 d5 2. g3 Nf6 3. Bg2 e6 4. O-O Nc6 5. d3 Bd6 6. Nbd2 Bd7 7. e4 dxe4 8. dxe4 Qe7 9. Qe2 Ne5 10. Nxe5 Bxe5 11. Nf3 Qc5 12. Be3 Qa5 13. b4 Qxb4 14. Nxe5 Bb5 15. c4 Bd7 16. Rab1 Qd6 17. f4 1-0

[Event "Play for Durgesh Fundraiser Blitz"]
[Site "Vishy Anand Arena"]
[Date "2020.09.19"]
[Round "2"]
[White "Anirudhha"]
[Black "Namansati"]
[Result "1-0"]
[WhiteElo "2105"]
[BlackElo "1564"]
[PlyCount "57"]
[EventDate "2020.09.19"]
[EventType "swiss (blitz)"]

1. e4 e5 2. Nf3 Nc6 3. Bc4 Bc5 4. c3 Nf6 5. d3 d6 6. h3 O-O 7. Bb3 a5 8. O-O Bd7 9. Re1 b5 10. Nbd2 a4 11. Bc2 Nh5 12. Nf1 Nf4 13. d4 exd4 14. Bxf4 dxc3 15. bxc3 Qc8 16. Be3 Bxe3 17. Nxe3 f5 18. exf5 Ne5 19. Nxe5 dxe5 20. Qd5+ Kh8 21. Qxe5 Re8 22. Qg3 Re7 23. Nd5 Rxe1+ 24. Rxe1 Bxf5 25. Ne7 Qe8 26. Bxf5 Qxe7 27. Rxe7 Rg8 28. Be6 Rf8 29. Qxg7# 1-0

[Event "Play for Durgesh Fundraiser Blitz"]
[Site "Vishy Anand Arena"]
[Date "2020.09.19"]
[Round "2"]
[White "Dushu2930"]
[Black "Tarun Mateti"]
[Result "1-0"]
[WhiteElo "2103"]
[BlackElo "1597"]
[Annotator "NA"]
[PlyCount "45"]
[EventDate "2020.09.19"]
[EventType "swiss (blitz)"]

1. e4 c5 2. Nf3 d6 3. d4 cxd4 4. Nxd4 Nf6 5. Nc3 a6 6. f4 e6 7. Nf3 Qc7 8. Bd3 Nc6 9. O-O Be7 10. Kh1 O-O 11. Qe1 Nb4 12. Bd2 Nxd3 13. cxd3 b5 14. a3 Bb7 15. Qg3 Rfd8 16. Rae1 Rac8 17. Qh3 Qb6 18. Be3 Qc6 19. Ng5 Qd7 20. e5 dxe5 21. fxe5 Nd5 22. Qxh7+ Kf8 23. Qh8# 1-0

[Event "Play for Durgesh Fundraiser Blitz"]
[Site "Vishy Anand Arena"]
[Date "2020.09.19"]
[Round "2"]
[White "Stany G A"]
[Black "Namitbir Singh"]
[Result "1-0"]
[WhiteElo "2082"]
[BlackElo "1903"]
[Annotator "NA"]
[PlyCount "73"]
[EventDate "2020.09.19"]
[EventType "swiss (blitz)"]

1. e4 e5 2. Nf3 Nc6 3. Bc4 Nf6 4. Ng5 d5 5. exd5 Na5 6. Bb5+ c6 7. dxc6 bxc6 8. Be2 Be7 9. d3 O-O 10. Nc3 Nd5 11. Nf3 Bd6 12. Ne4 Bc7 13. c3 f5 14. Ng3 h6 15. d4 e4 16. Ne5 Bxe5 17. dxe5 Qe7 18. Qd4 Be6 19. O-O Rad8 20. Qa4 Nb7 21. Qxc6 Rc8 22. Qa4 Nc5 23. Qa3 f4 24. c4 fxg3 25. cxd5 gxh2+ 26. Kh1 Bxd5 27. Be3 Rc7 28. Rac1 Nd3 29. Qxe7 Rxe7 30. Bxd3 exd3 31. Bc5 Rxe5 32. Bxf8 Kxf8 33. Rcd1 Bc4 34. Rfe1 Rf5 35. b3 Ba6 36. f3 Rc5 37. Rd2 1-0

[Event "Play for Durgesh Fundraiser Blitz"]
[Site "Vishy Anand Arena"]
[Date "2020.09.19"]
[Round "2"]
[White "Roedor87"]
[Black "Superark"]
[Result "1-0"]
[WhiteElo "2038"]
[BlackElo "1620"]
[Annotator "NA"]
[PlyCount "41"]
[EventDate "2020.09.19"]
[EventType "swiss (blitz)"]

1. d4 d5 2. c4 e6 3. Nf3 f6 4. g3 Nc6 5. Bg2 dxc4 6. O-O e5 7. dxe5 fxe5 8. Qxd8+ Kxd8 9. Nbd2 Bg4 10. Nxc4 Kd7 11. Nfxe5+ Nxe5 12. Nxe5+ Ke7 13. Nxg4 Re8 14. Bg5+ Kd7 15. Rfd1+ Kc8 16. Rac1 h6 17. Bf4 Re7 18. Ne5 g5 19. Ng6 Rg7 20. Bh3+ Kb8 21. Rd8# 1-0

[Event "Play for Durgesh Fundraiser Blitz"]
[Site "Vishy Anand Arena"]
[Date "2020.09.19"]
[Round "2"]
[White "Swayham"]
[Black "Ramul"]
[Result "1-0"]
[WhiteElo "2029"]
[BlackElo "1956"]
[PlyCount "59"]
[EventDate "2020.09.19"]
[EventType "swiss (blitz)"]

1. e4 c5 2. Nf3 e6 3. d4 cxd4 4. Nxd4 a6 5. c3 Nf6 6. Bd3 Nc6 7. Be3 Be7 8. Nd2 O-O 9. O-O d5 10. Qe2 Ne5 11. Bc2 Neg4 12. h3 Nxe3 13. Qxe3 b5 14. Rfe1 Bb7 15. e5 Nd7 16. N2f3 Rc8 17. Nh2 b4 18. Rac1 Bg5 19. f4 Be7 20. Ng4 bxc3 21. bxc3 Nb6 22. Rf1 Nc4 23. Qg3 Kh8 24. f5 Bc5 25. f6 g6 26. Qh4 Rg8 27. Rf4 Na3 28. Nf2 Nxc2 29. Qxh7+ Kxh7 30. Rh4# 1-0

[Event "Play for Durgesh Fundraiser Blitz"]
[Site "Vishy Anand Arena"]
[Date "2020.09.19"]
[Round "2"]
[White "Harry Grieve"]
[Black "Dev11"]
[Result "1-0"]
[WhiteElo "2024"]
[BlackElo "1694"]
[Annotator "NA"]
[PlyCount "83"]
[EventDate "2020.09.19"]
[EventType "swiss (blitz)"]

1. e4 c5 2. Nf3 g6 3. d4 cxd4 4. Nxd4 Bg7 5. c4 Nc6 6. Be3 Nf6 7. Nc3 Ng4 8. Qxg4 Nxd4 9. Qd1 Ne6 10. Rc1 O-O 11. Be2 b6 12. O-O Bb7 13. f3 d6 14. Qd2 Nc5 15. Rfd1 a6 16. Nd5 e6 17. Nc3 Be5 18. b4 Nd7 19. f4 Bxc3 20. Rxc3 Nf6 21. Bf3 Bxe4 22. Qxd6 Qxd6 23. Rxd6 b5 24. Bd4 Bxf3 25. Bxf6 Be2 26. c5 Rac8 27. Kf2 Bc4 28. a4 Rfe8 29. a5 h5 30. Rxa6 Kh7 31. Rd6 Kh6 32. h4 Kh7 33. g3 Kh6 34. Ke3 Kh7 35. Kd4 Bd5 36. Ra3 Ra8 37. a6 Rec8 38. Ke5 Rc6 39. Rxc6 Bxc6 40. Kd6 Bd5 41. c6 Rc8 42. c7 1-0

[Event "Play for Durgesh Fundraiser Blitz"]
[Site "Vishy Anand Arena"]
[Date "2020.09.19"]
[Round "2"]
[White "Toosieslide"]
[Black "Nagaramchess"]
[Result "1-0"]
[WhiteElo "2022"]
[BlackElo "1620"]
[PlyCount "61"]
[EventDate "2020.09.19"]
[EventType "swiss (blitz)"]

1. d4 Nf6 2. c4 e6 3. g3 d5 4. Nf3 Nc6 5. Bg2 Bd6 6. O-O O-O 7. Nc3 Re8 8. Bf4 Bxf4 9. gxf4 Qd6 10. Ne5 Nh5 11. e3 Nf6 12. c5 Qd8 13. Kh1 h6 14. Rg1 Qe7 15. Bf3 Kh7 16. Rg3 Nd7 17. Qg1 Rg8 18. Qg2 Nb4 19. Rg1 Qf8 20. a3 Nc6 21. Nb5 f6 22. Nxc6 bxc6 23. Nxc7 Rb8 24. Nxe6 Qf7 25. Rxg7+ Rxg7 26. Nxg7 Ba6 27. Bh5 Qe7 28. Qg6+ Kh8 29. Qxh6+ Kg8 30. Ne6+ Qg7 31. Qxg7# 1-0

[Event "Play for Durgesh Fundraiser Blitz"]
[Site "Vishy Anand Arena"]
[Date "2020.09.19"]
[Round "2"]
[White "aadit1728"]
[Black "AVNEESH"]
[Result "1-0"]
[WhiteElo "2002"]
[BlackElo "1620"]
[Annotator "NA"]
[PlyCount "39"]
[EventDate "2020.09.19"]
[EventType "swiss (blitz)"]

1. d4 d5 2. c4 dxc4 3. Nf3 Nf6 4. e3 g6 5. Bxc4 Bg7 6. h4 O-O 7. h5 Nxh5 8. Nc3 Nf6 9. Bd2 Bg4 10. Qb3 e6 11. Ne5 Bf5 12. f3 g5 13. Qxb7 Nbd7 14. Nc6 Qe8 15. e4 Bg6 16. Bxg5 Nb6 17. Bb5 Nfd7 18. Qxc7 Bxd4 19. Nxd4 Rc8 20. Qd6 1-0

[Event "Play for Durgesh Fundraiser Blitz"]
[Site "Vishy Anand Arena"]
[Date "2020.09.19"]
[Round "2"]
[White "Snehil29"]
[Black "Aryamegha_tumari"]
[Result "1-0"]
[WhiteElo "1999"]
[BlackElo "1620"]
[Annotator "NA"]
[PlyCount "39"]
[EventDate "2020.09.19"]
[EventType "swiss (blitz)"]

1. d4 d5 2. c4 dxc4 3. e3 Nf6 4. Bxc4 e6 5. Nf3 c5 6. Nc3 a6 7. Bb3 b5 8. O-O c4 9. Bc2 Be7 10. e4 Bb7 11. d5 exd5 12. e5 Nfd7 13. Nxd5 O-O 14. Bf4 Nb6 15. Nxe7+ Qxe7 16. Bxh7+ Kxh7 17. Ng5+ Kg8 18. Qh5 Rc8 19. Qh7+ Kf8 20. Qh8# 1-0

[Event "Play for Durgesh Fundraiser Blitz"]
[Site "Vishy Anand Arena"]
[Date "2020.09.19"]
[Round "2"]
[White "Francy29"]
[Black "Srikant Nayak"]
[Result "1-0"]
[WhiteElo "1997"]
[BlackElo "1656"]
[Annotator "NA"]
[PlyCount "87"]
[EventDate "2020.09.19"]
[EventType "swiss (blitz)"]

1. d4 Nf6 2. c4 g6 3. g3 Bg7 4. Bg2 O-O 5. Nc3 d6 6. Nf3 Nc6 7. O-O Bg4 8. d5 Bxf3 9. exf3 Ne5 10. b3 c5 11. dxc6 Nxc6 12. Bb2 Nd7 13. Qd2 Nb6 14. Rad1 Qc8 15. Rfe1 Re8 16. Rc1 a6 17. Nd5 Bxb2 18. Qxb2 Qd7 19. f4 Nxd5 20. cxd5 Nb4 21. Qd2 Qb5 22. a3 Nd3 23. a4 Qxb3 24. Rc3 Qxa4 25. Qxd3 b5 26. Rb1 Rac8 27. Bf1 b4 28. Rxc8 Rxc8 29. Qxa6 Qc2 30. Rxb4 h5 31. Rb7 Rc5 32. Rxe7 Qd1 33. Qe2 Qb3 34. Qe4 Qd1 35. Re8+ Kg7 36. Qe2 Qxd5 37. Qb2+ f6 38. Re7+ Kh6 39. Qxf6 Qg8 40. Bd3 Rc1+ 41. Kg2 Qd5+ 42. Be4 Qg8 43. Bxg6 Qxg6 44. Qh8+ 1-0

[Event "Play for Durgesh Fundraiser Blitz"]
[Site "Vishy Anand Arena"]
[Date "2020.09.19"]
[Round "2"]
[White "Samriddhaa"]
[Black "Tchitnis"]
[Result "1-0"]
[WhiteElo "1997"]
[BlackElo "1644"]
[Annotator "NA"]
[PlyCount "69"]
[EventDate "2020.09.19"]
[EventType "swiss (blitz)"]

1. e4 e5 2. Nf3 Nc6 3. Bc4 Bc5 4. c3 Nf6 5. d3 d6 6. Bb3 Bg4 7. O-O h6 8. Nbd2 O-O 9. h3 Be6 10. Bc2 Ne7 11. Re1 Ng6 12. Nf1 Bb6 13. Ng3 c6 14. d4 Nh7 15. Be3 Bc7 16. Qd2 d5 17. dxe5 Nxe5 18. Nxe5 Bxe5 19. f4 Bc7 20. Qf2 dxe4 21. Nxe4 Nf6 22. Rad1 Nd5 23. c4 Qc8 24. cxd5 cxd5 25. Nc3 Rd8 26. Bd4 Bf5 27. Bb3 Be6 28. Qg3 g6 29. Qh4 Kh7 30. Qf6 Rg8 31. Nxd5 Bxd5 32. Bxd5 Qd7 33. Re7 Qxd5 34. Rxf7+ Rg7 35. Qxg7# 1-0

[Event "Play for Durgesh Fundraiser Blitz"]
[Site "Vishy Anand Arena"]
[Date "2020.09.19"]
[Round "2"]
[White "Attacker_97"]
[Black "Sairam Ramabadra"]
[Result "1-0"]
[WhiteElo "1995"]
[BlackElo "1797"]
[Annotator "NA"]
[PlyCount "55"]
[EventDate "2020.09.19"]
[EventType "swiss (blitz)"]

1. e4 e5 2. Nc3 Nf6 3. g3 d5 4. exd5 Nxd5 5. Bg2 Be6 6. Nf3 Nc6 7. O-O Be7 8. Re1 Qd6 9. Nb5 Qc5 10. a4 O-O-O 11. Nxe5 Nxe5 12. Rxe5 a6 13. d4 Qc4 14. Na3 Qxa4 15. b3 Qd7 16. Nc4 Nc3 17. Qf3 Nd5 18. Ne3 c6 19. Nc4 Kb8 20. Na5 Bf6 21. c4 Bxe5 22. dxe5 Nc7 23. Ba3 Qd4 24. Rf1 Rhe8 25. Nxb7 Kxb7 26. Qxc6+ Kc8 27. Qb7+ Kd7 28. Bc6# 1-0

[Event "Play for Durgesh Fundraiser Blitz"]
[Site "Vishy Anand Arena"]
[Date "2020.09.19"]
[Round "2"]
[White "EvilGenius_04"]
[Black "VugarAsadli"]
[Result "1-0"]
[WhiteElo "1992"]
[BlackElo "2274"]
[Annotator "NA"]
[PlyCount "89"]
[EventDate "2020.09.19"]
[EventType "swiss (blitz)"]

1. e4 g6 2. d4 Bg7 3. Nc3 d6 4. Be3 a6 5. f3 b5 6. h4 h6 7. h5 g5 8. a4 b4 9. Na2 a5 10. c3 Na6 11. cxb4 Nxb4 12. Nxb4 axb4 13. Qb3 Nf6 14. Qxb4 O-O 15. Bd3 Nd7 16. Ne2 c5 17. Qd2 cxd4 18. Nxd4 Nc5 19. Bc2 Ba6 20. b4 Ne6 21. b5 Bxb5 22. Kf2 Bc4 23. Rab1 Bxd4 24. Bxd4 Qd7 25. Qc3 Rfc8 26. Qd2 Ba2 27. Rb2 Rc4 28. Be3 Rcxa4 29. Bxa4 Qxa4 30. Ra1 Qc4 31. Raxa2 Rf8 32. Rb4 Qc7 33. Rc2 Qa5 34. Rb7 Qe5 35. g3 Ra8 36. Rxe7 g4 37. Bf4 Qf6 38. Bxd6 Qxf3+ 39. Kg1 Ng5 40. Bf4 Nh3+ 41. Kh2 Nf2 42. Qxf2 Qa3 43. Bxh6 Qxe7 44. Qf5 Ra1 45. Rc8+ 1-0

[Event "Play for Durgesh Fundraiser Blitz"]
[Site "Vishy Anand Arena"]
[Date "2020.09.19"]
[Round "2"]
[White "Stark11"]
[Black "Samudragupta"]
[Result "0-1"]
[WhiteElo "1981"]
[BlackElo "2370"]
[Annotator "NA"]
[PlyCount "70"]
[EventDate "2020.09.19"]
[EventType "swiss (blitz)"]

1. e4 Nc6 2. Nc3 e6 3. f4 Bb4 4. Nf3 d5 5. exd5 exd5 6. d4 Nf6 7. Bd3 O-O 8. O-O Bg4 9. Be3 Re8 10. Bf2 Ne4 11. Ne2 Bxf3 12. gxf3 Nxf2 13. Rxf2 Qh4 14. c3 Bd6 15. Qd2 Re6 16. Rg2 Rae8 17. Rg4 Qh3 18. Rg3 Qh5 19. Rf1 Ne7 20. Rg5 Qh6 21. Rf2 Rf6 22. Rfg2 g6 23. f5 Kf8 24. f4 c5 25. Ng3 Nc6 26. Bb5 cxd4 27. Bxc6 bxc6 28. Qxd4 Be7 29. Qxa7 Qh4 30. Qf2 Bd8 31. fxg6 fxg6 32. Re5 Rxe5 33. fxe5 Rxf2 34. Rxf2+ Ke8 35. a4 Bb6 0-1

[Event "Play for Durgesh Fundraiser Blitz"]
[Site "Vishy Anand Arena"]
[Date "2020.09.19"]
[Round "2"]
[White "Furace"]
[Black "Chess_king123"]
[Result "1-0"]
[WhiteElo "1960"]
[BlackElo "1620"]
[Annotator "NA"]
[PlyCount "119"]
[EventDate "2020.09.19"]
[EventType "swiss (blitz)"]

1. e4 d5 2. exd5 Nf6 3. Bb5+ c6 4. dxc6 Nxc6 5. Nf3 Bf5 6. d4 Qa5+ 7. Nc3 Ne4 8. O-O Nxc3 9. Bxc6+ bxc6 10. bxc3 Qxc3 11. Be3 e6 12. Ne5 Bd6 13. Qf3 O-O 14. Qxc6 Qxc6 15. Nxc6 Rfc8 16. Ne5 Bxe5 17. d5 exd5 18. Rfd1 Bxa1 19. Rxa1 Rxc2 20. f3 Rac8 21. g4 Be6 22. a3 Rb2 23. Bd4 Rd2 24. Be3 Re2 25. Bf4 Rcc2 26. Bg3 h6 27. Kf1 d4 28. Rd1 Red2 29. Rb1 Bc4+ 30. Kg1 Rg2+ 31. Kh1 d3 32. Rd1 Rgd2 33. Re1 Bb3 34. h4 Rb2 35. Be5 Rd1 36. Rxd1 Bxd1 37. Bxb2 Bxf3+ 38. Kg1 d2 39. Be5 d1=Q+ 40. Kf2 Qe2+ 41. Kg3 Qg2+ 42. Kf4 g5+ 43. hxg5 Qg3+ 44. Kxg3 hxg5 45. Kxf3 a5 46. Bf6 a4 47. Bxg5 Kf8 48. Bd2 Ke8 49. Bb4 Kd7 50. Kf4 Ke8 51. Kf5 Kd7 52. Kf6 Ke8 53. g5 Kd7 54. Kxf7 Kc6 55. g6 Kd7 56. g7 Kc6 57. g8=Q Kd5 58. Qa8+ Kc4 59. Qxa4 Kd3 60. Qb5+ 1-0

[Event "Play for Durgesh Fundraiser Blitz"]
[Site "Vishy Anand Arena"]
[Date "2020.09.19"]
[Round "2"]
[White "Neevptl"]
[Black "kaukik"]
[Result "1-0"]
[WhiteElo "1960"]
[BlackElo "1489"]
[Annotator "NA"]
[PlyCount "79"]
[EventDate "2020.09.19"]
[EventType "swiss (blitz)"]

1. e4 c5 2. Nf3 e6 3. d3 a6 4. Nbd2 b5 5. g3 Bb7 6. Bg2 d5 7. O-O Nf6 8. exd5 Bxd5 9. b3 Be7 10. Bb2 O-O 11. Re1 Nbd7 12. a4 Qb6 13. Ne5 Bxg2 14. Kxg2 Nxe5 15. Bxe5 Nd7 16. Bb2 Bf6 17. Bxf6 Nxf6 18. Ne4 Qc6 19. Qf3 Nxe4 20. Rxe4 f6 21. Re3 Qxf3+ 22. Kxf3 e5 23. g4 Kf7 24. Ke4 Rfd8 25. axb5 axb5 26. Rxa8 Rxa8 27. Kd5 Ra2 28. Re2 c4 29. dxc4 bxc4 30. Kxc4 Ke6 31. b4 Kd6 32. Kb5 Kc7 33. Kc5 g6 34. b5 Rb2 35. Rd2 f5 36. gxf5 gxf5 37. b6+ Rxb6 38. Rd7+ Kxd7 39. Kxb6 e4 40. Kc5 1-0

[Event "Play for Durgesh Fundraiser Blitz"]
[Site "Vishy Anand Arena"]
[Date "2020.09.19"]
[Round "2"]
[White "Kingofall"]
[Black "Skkeyan"]
[Result "0-1"]
[WhiteElo "1935"]
[BlackElo "2183"]
[Annotator "NA"]
[PlyCount "78"]
[EventDate "2020.09.19"]
[EventType "swiss (blitz)"]

1. e4 c5 2. Nf3 g6 3. d4 cxd4 4. Qxd4 Nf6 5. c4 Nc6 6. Qe3 Bg7 7. Nc3 O-O 8. h3 d6 9. Bd3 Nb4 10. O-O Be6 11. Nd5 Nxd3 12. Qxd3 Nxd5 13. cxd5 Bd7 14. Nd4 Rc8 15. Be3 Qa5 16. Nb3 Qa4 17. Nd4 Rc4 18. Rfd1 Rc7 19. Qb3 Rfc8 20. Rd2 Qa5 21. Rad1 Qa6 22. Qa3 Qxa3 23. bxa3 Rc3 24. Rd3 Rxd3 25. Rxd3 Rc4 26. f3 b5 27. Kf2 a5 28. Ne2 b4 29. Rd2 bxa3 30. Rd3 Bb2 31. Rb3 Kg7 32. Bd2 Ba4 33. Bc3+ Bxc3 34. Rxc3 Rxc3 35. Nxc3 Bc2 36. Ke3 a4 37. Kd2 Bb3 38. axb3 axb3 39. Kc1 f5 0-1

[Event "Play for Durgesh Fundraiser Blitz"]
[Site "Vishy Anand Arena"]
[Date "2020.09.19"]
[Round "2"]
[White "Loss2win"]
[Black "Parth11"]
[Result "1-0"]
[WhiteElo "1925"]
[BlackElo "1432"]
[Annotator "NA"]
[PlyCount "65"]
[EventDate "2020.09.19"]
[EventType "swiss (blitz)"]

1. e4 e6 2. d4 d5 3. Nd2 c6 4. Ngf3 Nd7 5. Bd3 dxe4 6. Nxe4 Ngf6 7. Bg5 Be7 8. Bxf6 Nxf6 9. Qe2 Qa5+ 10. c3 Nxe4 11. Qxe4 Bd7 12. O-O h5 13. a4 f5 14. Qe2 g5 15. Ne5 g4 16. Rfe1 O-O-O 17. Nxd7 Rxd7 18. Qxe6 Rf8 19. Re5 Qd8 20. Bxf5 Bd6 21. Qxd7+ Qxd7 22. Bxd7+ Kxd7 23. Rxh5 Rf4 24. Re1 b6 25. Rh7+ Kd8 26. Rxa7 c5 27. Rd1 Kc8 28. Rh7 cxd4 29. Rxd4 Rf6 30. Rxg4 Re6 31. Rg8+ Bf8 32. Rxf8+ Re8 33. Rxe8# 1-0

[Event "Play for Durgesh Fundraiser Blitz"]
[Site "Vishy Anand Arena"]
[Date "2020.09.19"]
[Round "2"]
[White "Advait30"]
[Black "Karthik12"]
[Result "1-0"]
[WhiteElo "1912"]
[BlackElo "1620"]
[Annotator "NA"]
[PlyCount "31"]
[EventDate "2020.09.19"]
[EventType "swiss (blitz)"]

1. e4 e5 2. Nf3 d5 3. Nxe5 Qe7 4. d4 c5 5. Bb5+ Bd7 6. Nxd7 Nxd7 7. O-O a6 8. exd5 O-O-O 9. Re1 Qf6 10. Bxd7+ Rxd7 11. c4 cxd4 12. Re8+ Kc7 13. Rxf8 Re7 14. Bd2 Rd7 15. Qf3 Qf4 16. Bxf4+ 1-0

[Event "Play for Durgesh Fundraiser Blitz"]
[Site "Vishy Anand Arena"]
[Date "2020.09.19"]
[Round "2"]
[White "Garvgaur1008"]
[Black "Deer25"]
[Result "1-0"]
[WhiteElo "1907"]
[BlackElo "1500"]
[Annotator "NA"]
[PlyCount "39"]
[EventDate "2020.09.19"]
[EventType "swiss (blitz)"]

1. d4 d5 2. Nf3 Nf6 3. c4 e6 4. g3 dxc4 5. Bg2 a6 6. Ne5 c5 7. Na3 cxd4 8. Naxc4 Bc5 9. O-O O-O 10. Bd2 Nd5 11. Rc1 Ba7 12. a4 h6 13. h4 Nc6 14. Nxc6 bxc6 15. Ne5 Bb8 16. Nxc6 Qb6 17. Ba5 Qb7 18. Qxd4 Bd7 19. Nxb8 Raxb8 20. Rc7 1-0

[Event "Play for Durgesh Fundraiser Blitz"]
[Site "Vishy Anand Arena"]
[Date "2020.09.19"]
[Round "2"]
[White "Thor_attack"]
[Black "Sparsh gupta"]
[Result "1/2-1/2"]
[WhiteElo "1896"]
[BlackElo "1478"]
[Annotator "NA"]
[PlyCount "119"]
[EventDate "2020.09.19"]
[EventType "swiss (blitz)"]

1. e4 c5 2. Nf3 Nc6 3. Bb5 d6 4. O-O Nf6 5. Re1 g6 6. h3 Bg7 7. e5 dxe5 8. Nxe5 Bd7 9. Nxd7 Qxd7 10. Nc3 O-O 11. d3 a6 12. Bxc6 Qxc6 13. Rxe7 Rfe8 14. Rxe8+ Rxe8 15. Be3 Nd5 16. Nxd5 Qxd5 17. Qf3 Qxf3 18. gxf3 b6 19. Rb1 Rc8 20. Kf1 Kf8 21. Ke2 Ke7 22. Kd2 Ke6 23. c4 b5 24. b4 Bf8 25. bxc5 Bxc5 26. cxb5 Bxe3+ 27. fxe3 axb5 28. Rxb5 Ra8 29. Rb2 Ra3 30. e4 f5 31. Ke3 g5 32. Rg2 f4+ 33. Kd4 h6 34. h4 Kf6 35. hxg5+ hxg5 36. e5+ Kf5 37. Re2 Ra4+ 38. Kc5 Ra6 39. d4 Ra5+ 40. Kb6 Rd5 41. e6 Rd8 42. e7 Re8 43. d5 Kf6 44. d6 Kf7 45. d7 Rxe7 46. d8=Q Rxe2 47. Qd5+ Kf6 48. Qd4+ Kf7 49. Qc4+ Kf6 50. Qxe2 Kf7 51. a4 Kg6 52. a5 Kf5 53. Qg2 Ke6 54. Qg4+ Kf7 55. Qxg5 Ke6 56. Qxf4 Kd7 57. a6 Ke6 58. a7 Kd7 59. a8=Q Ke6 60. Qb7 1/2-1/2

[Event "Play for Durgesh Fundraiser Blitz"]
[Site "Vishy Anand Arena"]
[Date "2020.09.19"]
[Round "2"]
[White "Aanjaneya"]
[Black "TOY 2"]
[Result "1-0"]
[WhiteElo "1880"]
[BlackElo "1609"]
[Annotator "NA"]
[PlyCount "69"]
[EventDate "2020.09.19"]
[EventType "swiss (blitz)"]

1. e4 c5 2. Nf3 d6 3. d4 cxd4 4. Nxd4 Nf6 5. Nc3 Nc6 6. Bg5 e6 7. Qd2 a6 8. f4 h6 9. Bh4 Nxe4 10. Nxe4 Qxh4+ 11. g3 Qd8 12. O-O-O d5 13. Nc3 Bc5 14. Nxc6 bxc6 15. Bg2 Bd7 16. f5 Rb8 17. Kb1 Qb6 18. Na4 Qa7 19. fxe6 Bxe6 20. Nxc5 Qxc5 21. Rhe1 Kd7 22. c4 Qxc4 23. Rc1 Qb5 24. Rc3 Rb6 25. Rb3 Qc5 26. Rc1 Bf5+ 27. Ka1 Bc2 28. Rxc2 Qg1+ 29. Rc1 Rxb3 30. Rxg1 Rb5 31. Bh3+ Kd6 32. Qf4+ Ke7 33. Re1+ Kf8 34. Bd7 Rc5 35. Re8# 1-0

[Event "Play for Durgesh Fundraiser Blitz"]
[Site "Vishy Anand Arena"]
[Date "2020.09.19"]
[Round "2"]
[White "Nihelesh"]
[Black "Kakashi Hatake"]
[Result "1-0"]
[WhiteElo "1872"]
[BlackElo "1396"]
[Annotator "NA"]
[PlyCount "85"]
[EventDate "2020.09.19"]
[EventType "swiss (blitz)"]

1. b3 e5 2. Bb2 Nc6 3. e3 Nf6 4. Bb5 Bd6 5. d3 O-O 6. Nf3 Re8 7. O-O a6 8. Bc4 Na5 9. Ng5 Nxc4 10. dxc4 e4 11. Nd2 Qe7 12. Bxf6 Qxf6 13. Ngxe4 Qe5 14. Nxd6 Qxd6 15. Nf3 Qg6 16. Qd3 d6 17. Qxg6 hxg6 18. h3 Bf5 19. Nd4 Re4 20. Rfe1 Rae8 21. Rad1 R8e7 22. Rd2 Re8 23. Rde2 R8e7 24. f3 R4e5 25. Kf2 c5 26. Nxf5 gxf5 27. c3 f4 28. exf4 R5e6 29. Rxe6 fxe6 30. f5 d5 31. Rxe6 Rd7 32. cxd5 Rxd5 33. c4 Rd3 34. Re7 Rd2+ 35. Re2 Rd3 36. g4 Rc3 37. Kg3 Rc1 38. Re7 Ra1 39. Rxb7 Rxa2 40. Rc7 Ra3 41. Rxc5 Rxb3 42. Rc6 Ra3 43. c5 1-0

[Event "Play for Durgesh Fundraiser Blitz"]
[Site "Vishy Anand Arena"]
[Date "2020.09.19"]
[Round "2"]
[White "aaronreeve"]
[Black "Harshinianand"]
[Result "1-0"]
[WhiteElo "1861"]
[BlackElo "1599"]
[Annotator "NA"]
[PlyCount "75"]
[EventDate "2020.09.19"]
[EventType "swiss (blitz)"]

1. e4 e5 2. Nf3 Nc6 3. Bc4 Bc5 4. b4 Bxb4 5. c3 Be7 6. O-O d6 7. d4 exd4 8. cxd4 Nf6 9. Nc3 O-O 10. Re1 Bg4 11. Be3 a6 12. h3 Bh5 13. Bd3 b5 14. Rc1 Nb4 15. a3 Nxd3 16. Qxd3 Bxf3 17. gxf3 Qd7 18. Kh2 d5 19. e5 Nh5 20. Rg1 Bxa3 21. Rb1 f6 22. f4 fxe5 23. fxe5 Nf4 24. Bxf4 Rxf4 25. Qg3 Raf8 26. Nd1 Rf3 27. Qg2 g6 28. Ra1 Be7 29. Qg4 Rxf2+ 30. Nxf2 Rxf2+ 31. Rg2 Qxg4 32. hxg4 Rf4 33. Rxa6 Rxd4 34. Ra8+ Kf7 35. e6+ Kxe6 36. Re2+ Re4 37. Raa2 Kd6 38. Kh3 1-0